000 00477nam a2200157 a 4500
001 000039830
005 20201002033746.0
008 130724s1976 sp a 000 0 spa d
020 _a8431508183
040 _aDO-SdBNP
_bspa
_cBNPHU
082 _axxx
100 1 _aDello Strologo, Saulla
_966011
245 1 0 _aAquello que los gobienos ocultan sobre los platillos volantes /
_cObserver.
260 _aBarcelona :
_bEditorial De Vecchi,
_c1976.
300 _a215 p. :
_bil. ;
_c21 cm.
999 _c39320
_d39320